Loading...
Selected prose
| Main Author: | |
|---|---|
| Format: | Printed Book |
| Language: | English |
| Published: |
London :
macmillan ,
c1968.
|
| LEADER | 00363nam a22001217a 4500 | ||
|---|---|---|---|
| 008 | 170409b xxu||||| |||| 00| 0 eng d | ||
| 100 | |a Yeats, W.B | ||
| 245 | |a Selected prose | ||
| 260 | |a London : |b macmillan , |c c1968. | ||
| 300 | |b 286p. | ||
| 942 | |c BK | ||
| 999 | |c 197720 |d 197720 | ||
| 952 | |0 0 |1 0 |4 0 |7 0 |9 218623 |a ENG |b ENG |c ST1 |d 2017-04-09 |i 3411 |l 0 |p ENG3411 |r 2017-04-09 |w 2017-04-09 |y BK | ||